Informe sobre la actividad cafetalera de Costa Rica
Guardado en:
| Institution som forfatter: | |
|---|---|
| Format: | Texto |
| Udgivet: |
San José:
ICAFE
|
| Tags: |
Tilføj Tag
Ingen Tags, Vær først til at tagge denne postø!
|
MARC
| LEADER | 00000 a a2200000 04500 | ||
|---|---|---|---|
| 001 | 24475 | ||
| 003 | |||
| 040 | |||
| 090 | |a 175400 | ||
| 110 | |a ICAFE | ||
| 245 | |a Informe sobre la actividad cafetalera de Costa Rica | ||
| 260 | |a San José: |b ICAFE | ||
| 300 | |a 116 p. | ||
| 999 | |c 15006 |d 15006 | ||
